[Event "Olexa Memorial op"]
[Site "Brno"]
[Date "2021.12.28"]
[Round "4"]
[White "Hrdlicka, Vladan"]
[Black "Kolek, Josef"]
[Result "1-0"]
[WhiteElo "1774"]
[BlackElo "1798"]
[PlyCount "50"]
[EventDate "2021.12.26"]
[EventType "swiss"]
[EventRounds "7"]
[EventCountry "CZE"]
[SourceTitle "CBM 205 Extra"]
[Source "ChessBase"]
[SourceDate "2022.01.31"]
[SourceVersion "1"]
[SourceVersionDate "2022.01.31"]
[SourceQuality "1"]

1. e4 d6 2. d4 g6 3. Nc3 Bg7 4. Bg5 h6 5. Be3 Nf6 6. Qd2 Ng4 7. Bf4 g5 8. Bg3 Nc6 9. f3 Nf6 10. 0-0-0 a6 11. h4 Nh5 12. Bf2 e5 13. d5 Ne7 14. hxg5 hxg5 15. Kb1 Ng6 16. g3 Bd7 17. Nge2 g4 18. f4 exf4 19. gxf4 f5 20. Bd4 Kf7 21. exf5 Bxf5 22. Rxh5 Rxh5 23. Bxg7 Kxg7 24. Ng3 Rh3 25. Nxf5+ Kh7 1-0

[Event "Brno Trade op"]
[Site "Brno"]
[Date "2021.09.04"]
[Round "8"]
[White "Zikan, Karel"]
[Black "Hrdlicka, Vladan"]
[Result "0-1"]
[WhiteElo "1627"]
[BlackElo "1769"]
[PlyCount "96"]
[EventDate "2021.08.29"]
[EventType "swiss"]
[EventRounds "9"]
[EventCountry "CZE"]
[SourceTitle "CBM 204 Extra"]
[Source "ChessBase"]
[SourceDate "2021.11.30"]
[SourceVersion "1"]
[SourceVersionDate "2021.11.30"]
[SourceQuality "1"]

1. Nf3 Nf6 2. c4 g6 3. g3 Bg7 4. Bg2 0-0 5. 0-0 c5 6. Nc3 Nc6 7. d4 cxd4 8. Nxd4 Qb6 9. Nxc6 bxc6 10. Qc2 Rb8 11. b3 d6 12. Bb2 a5 13. Na4 Qc7 14. Rfd1 c5 15. Nc3 Bb7 16. Nb5 Qb6 17. Bxb7 Rxb7 18. a4 Qc6 19. Bc3 h5 20. h4 Ra8 21. f3 Ne8 22. Kf2 Qd7 23. Kg2 Qc6 24. Kf2 Rd7 25. e4 Bxc3 26. Qxc3 Ng7 27. Rd3 f5 28. Re1 fxe4 29. Rxe4 Rf8 30. Qe1 Nf5 31. Kg2 Qb7 32. Kh3 d5 33. Re6 dxc4 34. Rxd7 Qxd7 35. bxc4 Ng7 36. Nc7 Nxe6 37. Qxe6+ Qxe6+ 38. Nxe6 Rxf3 39. Nxc5 Ra3 40. Kg2 Kf7 41. Kf2 Kf6 42. Nd7+ Ke6 43. Nf8+ Kf7 44. Nd7 Rxa4 45. c5 Ke8 46. Ne5 Ra2+ 47. Ke3 Ra3+ 48. Kf4 Rc3 0-1

[Event "Brno Trade op"]
[Site "Brno"]
[Date "2021.08.29"]
[Round "1"]
[White "Hrdlicka, Vladan"]
[Black "Hladky, Mikulas"]
[Result "1-0"]
[WhiteElo "1769"]
[BlackElo "1223"]
[PlyCount "115"]
[EventDate "2021.08.29"]
[EventType "swiss"]
[EventRounds "9"]
[EventCountry "CZE"]
[SourceTitle "CBM 204 Extra"]
[Source "ChessBase"]
[SourceDate "2021.11.30"]
[SourceVersion "1"]
[SourceVersionDate "2021.11.30"]
[SourceQuality "1"]

1. e4 e5 2. Nf3 Nc6 3. Nc3 Nf6 4. d4 exd4 5. Nxd4 Bb4 6. Nxc6 bxc6 7. Bd3 0-0 8. 0-0 Bxc3 9. bxc3 Rb8 10. Be3 a5 11. c4 d5 12. exd5 cxd5 13. c5 d4 14. Bd2 Ra8 15. Qf3 Qd5 16. Qxd5 Nxd5 17. Rab1 Be6 18. Rb7 Rfc8 19. a3 c6 20. f4 f6 21. Re1 Bf7 22. Bxh7+ Kxh7 23. Rxf7 Re8 24. Kf2 Kg6 25. Rxe8 Rxe8 26. Ra7 Rb8 27. Ke2 Re8+ 28. Kd3 Ne3 29. g3 Nf1 30. Rxa5 Nxh2 31. Ra7 Nf3 32. a4 Ne1+ 33. Bxe1 Rxe1 34. g4 Rg1 35. Rd7 Rxg4 36. Rxd4 Rg3+ 37. Ke4 Rc3 38. f5+ Kg5 39. a5 Rxc5 40. Ra4 Rb5 41. a6 Rb8 42. a7 Ra8 43. Ra3 Kg4 44. Ra1 Kg5 45. Rg1+ Kh6 46. Ra1 Kg5 47. c4 c5 48. Rg1+ Kh6 49. Ra1 Kg5 50. Ra5 g6 51. fxg6 Kxg6 52. Kd5 f5 53. Kc6 f4 54. Kb7 Rxa7+ 55. Kxa7 f3 56. Ra3 Kf5 57. Rxf3+ Ke4 58. Kb6 1-0

[Event "Brno Duras op"]
[Site "Brno"]
[Date "2016.07.02"]
[Round "8"]
[White "Hrdlicka, Vladan"]
[Black "Khachatouri, Saro"]
[Result "1/2-1/2"]
[WhiteElo "1808"]
[BlackElo "1847"]
[PlyCount "85"]
[EventDate "2016.06.25"]
[EventType "swiss"]
[EventRounds "9"]
[EventCountry "CZE"]
[SourceTitle "CBM 173 Extra"]
[Source "ChessBase"]
[SourceDate "2016.08.29"]
[SourceVersion "1"]
[SourceVersionDate "2016.08.29"]
[SourceQuality "1"]

1. e4 d6 2. Nc3 Nf6 3. f4 d5 4. e5 d4 5. Nce2 Nd5 6. d3 c5 7. Nf3 Nc6 8. Ng3 e6 9. Qe2 Be7 10. Ne4 f5 11. exf6 Nxf6 12. Neg5 Qd6 13. g3 h6 14. Ne4 Nxe4 15. dxe4 0-0 16. e5 Qd5 17. Bg2 Nb4 18. 0-0 d3 19. cxd3 Qxd3 20. Qf2 Qb5 21. a4 Qd7 22. Be3 Qc7 23. Rfd1 Nd5 24. Rd3 c4 25. Rxd5 exd5 26. Qd2 Rd8 27. Nd4 a6 28. Qc2 Bc5 29. Re1 Bxd4 30. Bxd4 Qf7 31. Qe2 Be6 32. Rf1 Bf5 33. Rf2 Qg6 34. Bf3 Bh3 35. g4 Qb1+ 36. Qd1 Qxd1+ 37. Bxd1 h5 38. gxh5 Bf5 39. a5 Rd7 40. Ba4 Rf7 41. h4 Be6 42. Bc2 Raf8 43. Be3 1/2-1/2

[Event "Brno op 5th"]
[Site "Brno"]
[Date "2014.11.18"]
[Round "4"]
[White "Hrdlicka, Vladan"]
[Black "Aleksandravicius, Darius"]
[Result "1-0"]
[WhiteElo "1797"]
[BlackElo "1722"]
[PlyCount "65"]
[EventDate "2014.11.15"]
[EventType "swiss"]
[EventRounds "9"]
[EventCountry "CZE"]
[SourceTitle "CBM 163 Extra"]
[Source "ChessBase"]
[SourceDate "2014.12.23"]
[SourceVersion "1"]
[SourceVersionDate "2014.12.23"]
[SourceQuality "1"]

1. e4 c5 2. Nf3 d6 3. d4 cxd4 4. Nxd4 Nf6 5. Nc3 a6 6. Bg5 e6 7. f4 Be7 8. Qf3 Nbd7 9. 0-0-0 Qc7 10. Bd3 Rb8 11. Rhe1 0-0 12. e5 dxe5 13. fxe5 Nxe5 14. Rxe5 Qxe5 15. Bf4 Qc5 16. Bxb8 b5 17. Nb3 Qb6 18. Be5 Bb7 19. Qh3 h6 20. Bxf6 Bxf6 21. Ne4 Be7 22. Qg3 a5 23. Qf2 Qc7 24. Nbc5 Bc6 25. Qg3 Qb6 26. Qe5 Rd8 27. Nxe6 fxe6 28. Qxe6+ Kh8 29. Qxe7 Re8 30. Qc5 Qc7 31. Rf1 Kg8 32. Nd6 Rb8 33. Qf5 1-0

[Event "Brno op 4th"]
[Site "Brno"]
[Date "2013.11.23"]
[Round "9"]
[White "Tabola, Marcin"]
[Black "Hrdlicka, Vladan"]
[Result "1-0"]
[WhiteElo "1990"]
[BlackElo "1805"]
[PlyCount "55"]
[EventDate "2013.11.16"]
[EventType "swiss"]
[EventRounds "9"]
[EventCountry "CZE"]
[SourceTitle "CBM 157 Extra"]
[Source "ChessBase"]
[SourceDate "2013.12.19"]
[SourceVersion "1"]
[SourceVersionDate "2013.12.19"]
[SourceQuality "1"]

1. d4 d5 2. c4 c6 3. Nc3 Nf6 4. Bf4 e6 5. e3 Nbd7 6. Nf3 Be7 7. h3 0-0 8. Qc2 Re8 9. g4 dxc4 10. Bxc4 b5 11. Bd3 g6 12. Nxb5 cxb5 13. Bc7 Bb7 14. Bxd8 Rexd8 15. Ke2 e5 16. dxe5 Bxf3+ 17. Kxf3 Nxe5+ 18. Kg2 Nxd3 19. Rad1 Rac8 20. Qe2 Nc5 21. Rxd8+ Rxd8 22. Rd1 Rc8 23. Qxb5 Nce4 24. g5 Nh5 25. Qb7 Rc5 26. Qxe7 Rxg5+ 27. Kf1 Nhf6 28. Rd8+ 1-0

[Event "Brno op 4th"]
[Site "Brno"]
[Date "2013.11.19"]
[Round "5"]
[White "Kaeding, Dieter"]
[Black "Hrdlicka, Vladan"]
[Result "0-1"]
[WhiteElo "1250"]
[BlackElo "1805"]
[PlyCount "96"]
[EventDate "2013.11.16"]
[EventType "swiss"]
[EventRounds "9"]
[EventCountry "CZE"]
[SourceTitle "CBM 157 Extra"]
[Source "ChessBase"]
[SourceDate "2013.12.19"]
[SourceVersion "1"]
[SourceVersionDate "2013.12.19"]
[SourceQuality "1"]

1. e4 c5 2. Nc3 d6 3. h3 g6 4. Bb5+ Nd7 5. d3 a6 6. Bc4 Ngf6 7. Bd2 Bg7 8. Rb1 0-0 9. Nd5 b5 10. Nxf6+ Nxf6 11. Bd5 Nxd5 12. exd5 Bb7 13. c4 e6 14. Bc3 exd5 15. Bxg7 Re8+ 16. Ne2 Kxg7 17. 0-0 dxc4 18. dxc4 d5 19. cxd5 Qxd5 20. Qxd5 Bxd5 21. Nc3 Bc4 22. Rfc1 Re5 23. b3 Be6 24. Re1 Rxe1+ 25. Rxe1 c4 26. b4 Rd8 27. Rd1 Rd3 28. Rxd3 cxd3 29. Kf1 h5 30. Ke1 h4 31. Kd2 Bc4 32. a3 f5 33. Nd1 Kf6 34. Nb2 Ke5 35. Nxd3+ Bxd3 36. Kxd3 Kf4 37. Kd4 g5 38. Kc5 g4 39. Kb6 gxh3 40. gxh3 Kf3 41. Kxa6 Kxf2 42. Kxb5 Kg3 43. a4 f4 44. a5 f3 45. a6 f2 46. a7 f1Q+ 47. Kb6 Qf3 48. Kc7 Qa8 0-1

[Event "Brno Duras op-A"]
[Site "Brno"]
[Date "2012.06.26"]
[Round "5"]
[White "Hrdlicka, Vladan"]
[Black "Doskar, Miloslav"]
[Result "0-1"]
[WhiteElo "1540"]
[BlackElo "1732"]
[PlyCount "106"]
[EventDate "2012.06.23"]
[EventType "tourn"]
[EventRounds "9"]
[EventCountry "CZE"]
[SourceTitle "CBM 149 Extra"]
[Source "ChessBase"]
[SourceDate "2012.08.24"]
[SourceVersion "1"]
[SourceVersionDate "2012.08.24"]
[SourceQuality "1"]

1. e4 c5 2. Nf3 d6 3. d4 cxd4 4. Nxd4 Nf6 5. Nc3 h6 6. Be3 e6 7. f3 Nc6 8. Qd2 Be7 9. g4 Nd7 10. 0-0-0 Nde5 11. Qg2 Bd7 12. Kb1 Na5 13. f4 Nac4 14. Bxc4 Nxc4 15. Bc1 Rc8 16. Qe2 b5 17. e5 d5 18. Rde1 Qb6 19. Nxe6 fxe6 20. f5 Bh4 21. Ref1 b4 22. Nd1 Bb5 23. Qg2 Nxe5 24. Re1 Rxc2 25. Qxc2 Bd3 26. Qxd3 Nxd3 27. Rxe6+ Qxe6 28. fxe6 Ke7 29. Kc2 Nxc1 30. Kxc1 Rc8+ 31. Kd2 Kxe6 32. Ne3 Bg5 33. Kd3 Bxe3 34. Kxe3 Rc2 35. a3 Rxb2 36. axb4 Rxb4 37. Ra1 Rxg4 38. Ra6+ Ke5 39. Rxa7 h5 40. Kf3 Rf4+ 41. Kg3 g5 42. Ra5 Ke4 43. Kg2 Rg4+ 44. Kf2 d4 45. h4 Rf4+ 46. Kg3 gxh4+ 47. Kg2 Rf5 48. Ra4 Ke3 49. Kg1 d3 50. Ra8 Re5 51. Kf1 Rf5+ 52. Kg2 d2 53. Re8+ Kd4 0-1